[Event "AsianNationCup2018-OpenRapid"]
[Site "?"]
[Date "2018.07.27"]
[Round "4.8"]
[White "Bai, Jinshi"]
[Black "Mosadeghpour, Masoud"]
[Result "1-0"]
[BlackElo "2375"]
[WhiteElo "2443"]
[LiveChessVersion "1.4.8"]

1. Nf3 {[%clk 0:15:16]} Nf6 {[%clk 0:15:19]} 2. g3 {[%clk 0:15:24]} g6
{[%clk 0:15:29]} 3. b3 {[%clk 0:15:33]} Bg7 {[%clk 0:15:38]} 4. Bb2
{[%clk 0:15:42]} O-O {[%clk 0:15:46]} 5. Bg2 {[%clk 0:15:50]} d5 {[%clk 0:15:09]}
6. c4 {[%clk 0:15:56]} b6 {[%clk 0:14:31]} 7. O-O {[%clk 0:14:56]} Bb7
{[%clk 0:14:23]} 8. cxd5 {[%clk 0:13:01]} Bxd5 {[%clk 0:13:45]} 9. Nc3
{[%clk 0:13:04]} Bb7 {[%clk 0:13:54]} 10. Rc1 {[%clk 0:12:51]} Ne4
{[%clk 0:13:02]} 11. Qc2 {[%clk 0:12:42]} Nxc3 {[%clk 0:12:25]} 12. Bxc3
{[%clk 0:12:51]} c5 {[%clk 0:12:03]} 13. Bxg7 {[%clk 0:11:52]} Kxg7
{[%clk 0:12:12]} 14. d4 {[%clk 0:12:00]} cxd4 {[%clk 0:09:39]} 15. Rfd1
{[%clk 0:11:58]} Nc6 {[%clk 0:07:30]} 16. Qb2 {[%clk 0:11:30]} e5
{[%clk 0:05:16]} 17. Nxe5 {[%clk 0:10:18]} Nxe5 {[%clk 0:05:24]} 18. Bxb7
{[%clk 0:10:18]} Rb8 {[%clk 0:05:32]} 19. Bg2 {[%clk 0:10:26]} Qf6
{[%clk 0:05:18]} 20. Qxd4 {[%clk 0:10:27]} Rfd8 {[%clk 0:04:54]} 21. Bd5
{[%clk 0:09:27]} Rbc8 {[%clk 0:03:27]} 22. Rxc8 {[%clk 0:07:54]} Rxc8
{[%clk 0:03:37]} 23. f4 {[%clk 0:08:03]} Ng4 {[%clk 0:03:07]} 24. Qxf6+
{[%clk 0:08:10]} Nxf6 {[%clk 0:02:23]} 25. Bc4 {[%clk 0:07:45]} Rc5
{[%clk 0:02:13]} 26. a4 {[%clk 0:07:22]} Rc7 {[%clk 0:02:22]} 27. Rd4
{[%clk 0:07:06]} Re7 {[%clk 0:02:20]} 28. Kg2 {[%clk 0:06:53]} Ne4
{[%clk 0:02:05]} 29. Kf3 {[%clk 0:06:44]} f5 {[%clk 0:02:10]} 30. g4
{[%clk 0:06:28]} h6 31. gxf5 {[%clk 0:05:57]} gxf5 {[%clk 0:00:53]} 32. e3
{[%clk 0:06:06]} Kf6 {[%clk 0:00:48]} 33. Rd8 {[%clk 0:05:57]} Kg7
{[%clk 0:00:12]} 34. Bb5 {[%clk 0:04:40]} Kf6 {[%clk 0:00:11]} 35. Rd5
{[%clk 0:04:38]} Rc7 {[%clk 0:00:12]} 36. Bd3 {[%clk 0:04:32]} Nd2+
{[%clk 0:00:16]} 37. Ke2 {[%clk 0:04:41]} Nxb3 {[%clk 0:00:25]} 38. Rxf5+
{[%clk 0:04:49]} Kg7 {[%clk 0:00:28]} 39. Rd5 {[%clk 0:04:54]} Nc1+
{[%clk 0:00:29]} 40. Kf3 {[%clk 0:04:59]} Nb3 {[%clk 0:00:20]} 41. f5
{[%clk 0:04:57]} Nc5 {[%clk 0:00:18]} 42. Bc2 {[%clk 0:04:26]} Nd7
{[%clk 0:00:20]} 43. e4 {[%clk 0:04:20]} Nf6 {[%clk 0:00:18]} 44. Rd2
{[%clk 0:04:26]} Rc3+ {[%clk 0:00:26]} 45. Kf4 {[%clk 0:04:31]} Rc4
{[%clk 0:00:21]} 46. Rg2+ {[%clk 0:03:47]} Kf8 {[%clk 0:00:31]} 47. Ke5
{[%clk 0:03:56]} Nd7+ {[%clk 0:00:35]} 48. Kd6 {[%clk 0:04:04]} Rd4+
{[%clk 0:00:41]} 49. Ke6 {[%clk 0:03:49]} Nc5+ {[%clk 0:00:51]} 50. Kf6
{[%clk 0:03:34]} Nd7+ {[%clk 0:00:52]} 51. Ke6 {[%clk 0:03:33]} Nc5+
{[%clk 0:01:01]} 52. Ke5 {[%clk 0:03:43]} Rc4 {[%clk 0:01:11]} 53. Kd5
{[%clk 0:03:35]} Rc3 {[%clk 0:00:24]} 54. e5 {[%clk 0:03:43]} Nb7
{[%clk 0:00:14]} 55. f6 {[%clk 0:03:34]} Rc5+ {[%clk 0:00:12]} 56. Ke4
{[%clk 0:03:41]} Rc4+ {[%clk 0:00:12]} 57. Kf5 {[%clk 0:03:47]} Rc3
{[%clk 0:00:11]} 58. Be4 {[%clk 0:03:44]} 1-0

[Event "AsianNationCup2018-OpenRapid"]
[Site "?"]
[Date "2018.07.27"]
[Round "4.9"]
[White "Gholami Orimi, Mahdi"]
[Black "Yakubboev, Nodirbek"]
[Result "1/2-1/2"]
[BlackElo "2272"]
[WhiteElo "2092"]
[LiveChessVersion "1.4.8"]

1. d4 {[%clk 0:15:17]} d6 {[%clk 0:15:11]} 2. e4 {[%clk 0:14:35]} Nf6
{[%clk 0:15:05]} 3. Nc3 {[%clk 0:14:39]} e5 {[%clk 0:15:13]} 4. dxe5
{[%clk 0:14:34]} dxe5 {[%clk 0:15:22]} 5. Qxd8+ {[%clk 0:14:32]} Kxd8
{[%clk 0:15:27]} 6. Bg5 {[%clk 0:14:39]} c6 {[%clk 0:15:17]} 7. O-O-O+
{[%clk 0:14:39]} Ke8 {[%clk 0:15:25]} 8. Nf3 {[%clk 0:13:27]} Bg4
{[%clk 0:14:09]} 9. a3 {[%clk 0:09:17]} Nbd7 {[%clk 0:13:37]} 10. Bc4
{[%clk 0:08:58]} Be7 {[%clk 0:07:57]} 11. Rd2 {[%clk 0:08:29]} Bxf3
{[%clk 0:06:46]} 12. gxf3 {[%clk 0:08:34]} h6 {[%clk 0:05:52]} 13. Be3
{[%clk 0:07:58]} Bc5 {[%clk 0:05:58]} 14. Ne2 {[%clk 0:06:34]} Ke7
{[%clk 0:05:07]} 15. h4 {[%clk 0:06:04]} Bxe3 {[%clk 0:04:23]} 16. fxe3
{[%clk 0:06:12]} h5 {[%clk 0:03:50]} 17. Ng3 {[%clk 0:06:19]} g6 {[%clk 0:03:57]}
18. Rhd1 {[%clk 0:06:19]} Nb6 {[%clk 0:03:33]} 19. Ba2 {[%clk 0:06:15]} Rhf8
{[%clk 0:02:28]} 20. c3 {[%clk 0:06:17]} Ng8 {[%clk 0:02:20]} 21. b4
{[%clk 0:05:09]} a5 {[%clk 0:01:43]} 22. Kb2 {[%clk 0:03:15]} Nf6
{[%clk 0:01:35]} 23. Bb3 {[%clk 0:02:54]} Ra7 {[%clk 0:00:37]} 24. Rd3
{[%clk 0:01:23]} Na8 {[%clk 0:00:28]} 25. Nf1 {[%clk 0:01:19]} Nc7
{[%clk 0:00:27]} 26. Nd2 {[%clk 0:01:23]} axb4 {[%clk 0:00:32]} 27. axb4
{[%clk 0:01:29]} b5 {[%clk 0:00:37]} 28. Nf1 {[%clk 0:01:22]} Na8
{[%clk 0:00:34]} 29. Rd6 {[%clk 0:01:01]} Rc7 {[%clk 0:00:41]} 30. R6d2
{[%clk 0:00:50]} Nb6 {[%clk 0:00:46]} 31. Ra1 {[%clk 0:00:50]} Ra8
{[%clk 0:00:50]} 32. Rxa8 {[%clk 0:00:58]} Nxa8 {[%clk 0:00:59]} 33. Rd1
{[%clk 0:00:45]} Ra7 {[%clk 0:01:04]} 34. Nd2 {[%clk 0:00:46]} Nb6
{[%clk 0:01:11]} 35. c4 {[%clk 0:00:37]} bxc4 {[%clk 0:01:06]} 36. Nxc4
{[%clk 0:00:46]} Nxc4+ {[%clk 0:01:13]} 37. Bxc4 {[%clk 0:00:55]} Ne8
{[%clk 0:01:08]} 38. Rc1 {[%clk 0:00:58]} Nd6 {[%clk 0:01:13]} 39. Bb3
{[%clk 0:00:53]} Kd7 {[%clk 0:01:03]} 40. f4 {[%clk 0:00:33]} f6 {[%clk 0:00:42]}
41. fxe5 {[%clk 0:00:42]} fxe5 {[%clk 0:00:51]} 42. Rg1 {[%clk 0:00:52]} Rb7
{[%clk 0:00:56]} 43. Ka3 {[%clk 0:00:43]} Ra7+ {[%clk 0:00:54]} 44. Kb2
{[%clk 0:00:52]} Rb7 {[%clk 0:01:03]} 45. Ka3 {[%clk 0:00:59]} Ra7+
{[%clk 0:01:00]} 46. Kb2 {[%clk 0:01:05]} Rb7 {[%clk 0:00:50]} 47. Ka3
{[%clk 0:01:03]} Ra7+ {[%clk 0:00:48]} 48. Kb2 {[%clk 0:01:10]} Rb7
{[%clk 0:00:48]} 1/2-1/2

[Event "AsianNationCup2018-OpenRapid"]
[Site "?"]
[Date "2018.07.27"]
[Round "4.10"]
[White "Sindarov, Javokhir"]
[Black "Javanbakht, Nima"]
[Result "1/2-1/2"]
[BlackElo "2349"]
[WhiteElo "2287"]
[LiveChessVersion "1.4.8"]

1. e4 {[%clk 0:15:18]} c5 {[%clk 0:15:19]} 2. Nc3 {[%clk 0:15:25]} Nc6
{[%clk 0:15:25]} 3. Nf3 {[%clk 0:15:34]} e5 {[%clk 0:15:07]} 4. Bc4
{[%clk 0:15:42]} d6 {[%clk 0:15:14]} 5. d3 {[%clk 0:15:42]} Be7 {[%clk 0:15:19]}
6. O-O {[%clk 0:15:50]} Nf6 {[%clk 0:15:18]} 7. Ng5 {[%clk 0:15:31]} O-O
{[%clk 0:15:25]} 8. f4 {[%clk 0:15:40]} h6 {[%clk 0:13:39]} 9. Nf3
{[%clk 0:15:47]} exf4 {[%clk 0:13:47]} 10. Bxf4 {[%clk 0:15:55]} Be6
{[%clk 0:13:54]} 11. Qd2 {[%clk 0:15:36]} Nxe4 {[%clk 0:14:00]} 12. Nxe4
{[%clk 0:13:54]} d5 {[%clk 0:14:08]} 13. Bb5 {[%clk 0:11:49]} dxe4
{[%clk 0:13:12]} 14. Bxc6 {[%clk 0:11:57]} bxc6 {[%clk 0:12:22]} 15. dxe4
{[%clk 0:12:06]} Qxd2 {[%clk 0:12:27]} 16. Bxd2 {[%clk 0:11:56]} Bf6
{[%clk 0:11:12]} 17. e5 {[%clk 0:11:03]} Be7 {[%clk 0:11:21]} 18. Be3
{[%clk 0:11:09]} Rfd8 {[%clk 0:11:14]} 19. b3 {[%clk 0:11:00]} a5
{[%clk 0:10:33]} 20. Rad1 {[%clk 0:10:40]} a4 {[%clk 0:06:20]} 21. Rxd8+
{[%clk 0:10:46]} Rxd8 {[%clk 0:06:29]} 22. Nd2 {[%clk 0:10:53]} Ra8
{[%clk 0:05:26]} 23. c4 {[%clk 0:09:07]} axb3 24. axb3 {[%clk 0:09:15]} Ra2
{[%clk 0:04:36]} 25. Kf2 {[%clk 0:09:10]} Bf5 {[%clk 0:04:12]} 26. Kf3
{[%clk 0:08:05]} g5 {[%clk 0:03:50]} 27. h3 {[%clk 0:07:50]} Bc2 {[%clk 0:03:34]}
28. Rc1 {[%clk 0:07:23]} Kg7 {[%clk 0:03:00]} 29. g4 {[%clk 0:07:17]} Bf8
{[%clk 0:02:02]} 30. Kg3 {[%clk 0:04:46]} Be7 {[%clk 0:01:14]} 31. Kf3
{[%clk 0:04:51]} Bf8 {[%clk 0:01:23]} 32. Kg3 {[%clk 0:04:59]} Be7
{[%clk 0:01:13]} 33. Kf3 {[%clk 0:05:07]} Bf8 {[%clk 0:01:22]} 34. Kg3
{[%clk 0:05:16]} Be7 {[%clk 0:00:50]} 1/2-1/2

[Event "AsianNationCup2018-OpenRapid"]
[Site "?"]
[Date "2018.07.27"]
[Round "4.11"]
[White "Gholami, Aryan"]
[Black "Iuldachev, Saidali"]
[Result "0-1"]
[BlackElo "2509"]
[WhiteElo "2295"]
[LiveChessVersion "1.4.8"]

1. Nf3 {[%clk 0:15:18]} Nf6 {[%clk 0:15:04]} 2. d4 {[%clk 0:15:25]} d6
{[%clk 0:15:11]} 3. Nc3 {[%clk 0:15:31]} c6 {[%clk 0:15:07]} 4. e4
{[%clk 0:15:37]} Bg4 {[%clk 0:15:14]} 5. Be3 {[%clk 0:15:41]} e6 {[%clk 0:15:18]}
6. h3 {[%clk 0:15:43]} Bh5 {[%clk 0:15:25]} 7. Bd3 {[%clk 0:15:39]} d5
{[%clk 0:15:18]} 8. e5 {[%clk 0:14:49]} Nfd7 {[%clk 0:15:26]} 9. g4
{[%clk 0:13:31]} Bg6 {[%clk 0:15:36]} 10. Bxg6 {[%clk 0:13:39]} hxg6
{[%clk 0:15:40]} 11. Ne2 {[%clk 0:13:31]} c5 {[%clk 0:15:26]} 12. c3
{[%clk 0:13:36]} Nc6 {[%clk 0:15:31]} 13. Nf4 {[%clk 0:13:08]} Qb6
{[%clk 0:14:47]} 14. Qe2 {[%clk 0:13:03]} Be7 {[%clk 0:14:18]} 15. Kf1
{[%clk 0:12:40]} a5 {[%clk 0:13:55]} 16. Kg2 {[%clk 0:12:40]} a4 {[%clk 0:14:01]}
17. Rad1 {[%clk 0:12:29]} cxd4 {[%clk 0:13:39]} 18. cxd4 {[%clk 0:12:35]} Qa6
{[%clk 0:13:13]} 19. Qc2 {[%clk 0:12:35]} Nb6 {[%clk 0:12:22]} 20. Bc1
{[%clk 0:11:51]} Rc8 {[%clk 0:10:20]} 21. Qb1 {[%clk 0:11:58]} Qb5
{[%clk 0:10:04]} 22. h4 {[%clk 0:11:53]} Nc4 {[%clk 0:10:04]} 23. Rh3
{[%clk 0:10:27]} Na3 {[%clk 0:08:02]} 24. Qd3 {[%clk 0:10:34]} Qxd3
{[%clk 0:08:09]} 25. Rxd3 {[%clk 0:10:09]} Nb5 {[%clk 0:07:51]} 26. Bd2
{[%clk 0:10:12]} Kd7 {[%clk 0:06:26]} 27. a3 {[%clk 0:10:12]} Nd8
{[%clk 0:06:12]} 28. h5 {[%clk 0:09:54]} gxh5 {[%clk 0:06:09]} 29. Nxh5
{[%clk 0:09:38]} Rg8 {[%clk 0:05:41]} 30. Nf4 {[%clk 0:09:31]} Rc2
{[%clk 0:05:43]} 31. b3 {[%clk 0:08:42]} axb3 32. Rxb3 {[%clk 0:08:50]} Nxa3
{[%clk 0:03:36]} 33. Ba5 {[%clk 0:08:38]} b5 {[%clk 0:01:50]} 34. Ne1
{[%clk 0:07:56]} Ra2 {[%clk 0:01:58]} 35. Nfd3 {[%clk 0:07:41]} Nc6
{[%clk 0:01:53]} 36. Bb6 {[%clk 0:07:49]} Nc4 {[%clk 0:01:35]} 37. Bc5
{[%clk 0:07:44]} Rb8 {[%clk 0:01:15]} 38. Rh7 {[%clk 0:07:45]} Bxc5
{[%clk 0:01:08]} 39. Nxc5+ {[%clk 0:07:53]} Ke7 {[%clk 0:01:18]} 40. Nf3
{[%clk 0:07:41]} Nd2 {[%clk 0:01:13]} 41. Nxd2 Rxd2 42. Rxg7 {[%clk 0:06:55]}
Rxd4 {[%clk 0:01:31]} 43. Nd3 {[%clk 0:06:43]} b4 {[%clk 0:01:19]} 44. Nc5
{[%clk 0:05:41]} Nxe5 {[%clk 0:01:20]} 45. f3 {[%clk 0:05:44]} Rc4
{[%clk 0:01:19]} 46. Na4 {[%clk 0:05:45]} d4 {[%clk 0:01:12]} 47. f4
{[%clk 0:05:41]} Ng6 {[%clk 0:01:15]} 48. f5 {[%clk 0:05:45]} exf5
{[%clk 0:01:22]} 49. gxf5 {[%clk 0:05:54]} Nh4+ {[%clk 0:01:30]} 50. Kf2
{[%clk 0:05:49]} Rc2+ {[%clk 0:01:36]} 51. Ke1 {[%clk 0:05:55]} Nxf5
{[%clk 0:01:42]} 52. Rg4 {[%clk 0:05:56]} Rh8 {[%clk 0:01:43]} 53. Kd1
{[%clk 0:05:56]} Ra2 {[%clk 0:01:48]} 54. Re4+ {[%clk 0:06:05]} Kf6
{[%clk 0:01:53]} 55. Nb2 {[%clk 0:06:13]} Rh2 {[%clk 0:01:48]} 56. Kc1
{[%clk 0:06:22]} Ra1# {[%clk 0:15:10]} 0-1

[Event "AsianNationCup2018-OpenRapid"]
[Site "?"]
[Date "2018.07.27"]
[Round "4.12"]
[White "Abdisalimov, Abdimalik"]
[Black "Tahbaz, Arash"]
[Result "1/2-1/2"]
[BlackElo "2312"]
[WhiteElo "2135"]
[LiveChessVersion "1.4.8"]

1. d4 {[%clk 0:15:19]} g6 {[%clk 0:15:17]} 2. g3 {[%clk 0:15:22]} Bg7
{[%clk 0:15:16]} 3. Bg2 {[%clk 0:15:31]} d6 {[%clk 0:15:22]} 4. Nf3
{[%clk 0:15:38]} Nf6 {[%clk 0:15:29]} 5. O-O {[%clk 0:15:46]} O-O 6. c4 Nbd7
{[%clk 0:15:20]} 7. Nc3 {[%clk 0:16:04]} e5 {[%clk 0:15:38]} 8. e4
{[%clk 0:16:22]} exd4 {[%clk 0:15:38]} 9. Nxd4 Re8 10. f3 {[%clk 0:16:22]} c6
{[%clk 0:14:58]} 11. Nde2 {[%clk 0:16:28]} Nb6 {[%clk 0:14:54]} 12. Qd3
{[%clk 0:15:58]} d5 {[%clk 0:09:31]} 13. cxd5 {[%clk 0:15:52]} cxd5
{[%clk 0:09:40]} 14. Rd1 {[%clk 0:15:58]} Qe7 {[%clk 0:09:13]} 15. Bf4
{[%clk 0:12:20]} dxe4 {[%clk 0:09:12]} 16. fxe4 {[%clk 0:12:28]} Ng4
{[%clk 0:07:35]} 17. h3 {[%clk 0:07:47]} Qc5+ {[%clk 0:07:30]} 18. Nd4
{[%clk 0:07:38]} Ne5 {[%clk 0:07:19]} 19. Qb5 {[%clk 0:07:43]} Qf8
{[%clk 0:05:20]} 20. Nd5 {[%clk 0:07:35]} Bd7 {[%clk 0:05:14]} 21. Qf1
{[%clk 0:06:37]} Rac8 {[%clk 0:03:38]} 22. Nxb6 {[%clk 0:05:02]} axb6
{[%clk 0:03:47]} 23. Kh2 {[%clk 0:05:01]} Qe7 {[%clk 0:02:52]} 24. Qf2
{[%clk 0:04:05]} h5 {[%clk 0:02:53]} 25. Kh1 {[%clk 0:03:37]} Ba4
{[%clk 0:02:10]} 26. b3 {[%clk 0:03:37]} Bd7 {[%clk 0:02:19]} 27. Rac1
{[%clk 0:03:35]} Rxc1 {[%clk 0:02:22]} 28. Bxc1 {[%clk 0:03:41]} Rc8
{[%clk 0:02:01]} 29. Be3 {[%clk 0:02:56]} Rc3 {[%clk 0:01:43]} 30. Qe2
{[%clk 0:01:32]} Rc8 {[%clk 0:01:11]} 31. Bf4 {[%clk 0:01:06]} Be8
{[%clk 0:01:10]} 32. Nc2 {[%clk 0:01:00]} Nc6 {[%clk 0:00:46]} 33. Ne3
{[%clk 0:00:38]} Nd4 {[%clk 0:00:52]} 34. Nd5 {[%clk 0:00:33]} Qe6
{[%clk 0:00:45]} 35. Qf2 {[%clk 0:00:40]} Rc2 {[%clk 0:00:49]} 36. Rd2
{[%clk 0:00:49]} Rxd2 {[%clk 0:00:49]} 37. Qxd2 {[%clk 0:00:57]} Bc6
{[%clk 0:00:56]} 38. Be3 {[%clk 0:00:55]} Qe5 {[%clk 0:00:24]} 39. Bf4
{[%clk 0:00:59]} Qe6 {[%clk 0:00:24]} 40. Be3 Qe5 41. Bf4 {[%clk 0:01:08]} Qe6
{[%clk 0:00:41]} 42. Be3 {[%clk 0:01:12]} Nb5 {[%clk 0:00:25]} 43. Bf4
{[%clk 0:00:42]} Nd4 {[%clk 0:00:15]} 44. Be3 {[%clk 0:00:51]} Nb5
{[%clk 0:00:23]} 45. Bf4 {[%clk 0:01:01]} Kh7 {[%clk 0:00:24]} 46. Kh2
{[%clk 0:01:07]} h4 {[%clk 0:00:20]} 47. gxh4 Nd4 {[%clk 0:00:23]} 48. Be3
{[%clk 0:01:07]} Be5+ {[%clk 0:00:21]} 49. Kh1 {[%clk 0:01:13]} Nb5
{[%clk 0:00:28]} 50. h5 {[%clk 0:00:55]} gxh5 {[%clk 0:00:36]} 51. Qe2
{[%clk 0:01:04]} Kg6 {[%clk 0:00:16]} 52. Nf4+ {[%clk 0:00:55]} Bxf4 53. Bxf4
{[%clk 0:01:04]} Nc3 {[%clk 0:00:35]} 54. Qd3 {[%clk 0:01:01]} Nxe4
{[%clk 0:00:41]} 55. Kg1 {[%clk 0:01:02]} f5 {[%clk 0:00:38]} 56. Bxe4
{[%clk 0:01:04]} fxe4 {[%clk 0:00:37]} 57. Qd6 {[%clk 0:01:02]} Qxd6
{[%clk 0:00:40]} 58. Bxd6 {[%clk 0:01:11]} e3 {[%clk 0:00:25]} 59. Bf4
{[%clk 0:01:17]} e2 {[%clk 0:00:32]} 60. Kf2 {[%clk 0:01:27]} Bg2
{[%clk 0:00:31]} 61. h4 {[%clk 0:01:33]} Bf3 {[%clk 0:00:40]} 62. Ke1
{[%clk 0:01:30]} Kf5 {[%clk 0:00:49]} 63. Bg5 {[%clk 0:01:38]} Ke4
{[%clk 0:00:53]} 64. b4 {[%clk 0:01:47]} Kd3 {[%clk 0:00:58]} 65. Bd8
{[%clk 0:01:54]} b5 {[%clk 0:01:02]} 66. Be7 {[%clk 0:02:03]} Kc3
{[%clk 0:01:11]} 67. Bf8 {[%clk 0:02:12]} Kb2 {[%clk 0:01:21]} 68. Be7
{[%clk 0:02:20]} Kxa2 {[%clk 0:01:30]} 69. Bf8 {[%clk 0:02:29]} Kb3
{[%clk 0:01:20]} 70. Be7 {[%clk 0:02:22]} 1/2-1/2

[Event "AsianNationCup2018-OpenRapid"]
[Site "?"]
[Date "2018.07.27"]
[Round "4.13"]
[White "Hossain, Enamul"]
[Black "Nguyen, Ngoc Truong Son"]
[Result "0-1"]
[BlackElo "2666"]
[WhiteElo "2491"]
[LiveChessVersion "1.4.8"]

1. e4 {[%clk 0:15:17]} c5 {[%clk 0:15:19]} 2. Nf3 {[%clk 0:15:24]} d6
{[%clk 0:15:28]} 3. d4 {[%clk 0:15:25]} cxd4 {[%clk 0:15:35]} 4. Nxd4
{[%clk 0:15:32]} Nf6 {[%clk 0:15:44]} 5. Nc3 {[%clk 0:15:40]} a6 {[%clk 0:15:52]}
6. Be3 {[%clk 0:15:45]} Ng4 {[%clk 0:15:53]} 7. Bc1 {[%clk 0:15:53]} Nf6
{[%clk 0:16:02]} 8. f3 {[%clk 0:15:41]} e5 {[%clk 0:15:46]} 9. Nb3
{[%clk 0:15:48]} Be6 {[%clk 0:15:52]} 10. Be3 {[%clk 0:15:53]} Nbd7
{[%clk 0:14:00]} 11. g4 {[%clk 0:15:57]} Be7 {[%clk 0:14:07]} 12. Qd2
{[%clk 0:16:00]} O-O {[%clk 0:14:13]} 13. g5 {[%clk 0:15:32]} Nh5
{[%clk 0:14:15]} 14. O-O-O {[%clk 0:15:34]} b5 {[%clk 0:14:04]} 15. Rg1
{[%clk 0:15:04]} Nb6 {[%clk 0:13:45]} 16. Nd5 {[%clk 0:12:10]} Nxd5
{[%clk 0:13:22]} 17. exd5 {[%clk 0:12:18]} Bd7 {[%clk 0:12:03]} 18. Kb1
{[%clk 0:11:17]} a5 {[%clk 0:11:08]} 19. Be2 {[%clk 0:10:16]} g6 {[%clk 0:10:48]}
20. Nc5 {[%clk 0:09:58]} b4 {[%clk 0:05:41]} 21. Nxd7 {[%clk 0:07:50]} Qxd7
{[%clk 0:05:50]} 22. f4 {[%clk 0:06:57]} Nxf4 {[%clk 0:05:57]} 23. Bxf4
{[%clk 0:07:05]} exf4 {[%clk 0:06:06]} 24. Qxf4 {[%clk 0:06:45]} a4
{[%clk 0:03:43]} 25. h4 {[%clk 0:05:42]} b3 {[%clk 0:03:44]} 26. cxb3 axb3
{[%clk 0:03:52]} 27. a3 {[%clk 0:05:44]} Ra4 {[%clk 0:03:55]} 28. Qg3
{[%clk 0:05:12]} Rfa8 {[%clk 0:01:38]} 29. Bg4 {[%clk 0:03:09]} Qa7
{[%clk 0:01:47]} 30. Rg2 {[%clk 0:02:32]} Bf8 {[%clk 0:01:48]} 31. Rc1
{[%clk 0:01:59]} Rxa3 {[%clk 0:00:51]} 32. bxa3 {[%clk 0:01:49]} Qxa3
{[%clk 0:00:59]} 33. Qc3 {[%clk 0:01:15]} Bg7 {[%clk 0:01:02]} 34. Qc8+
{[%clk 0:01:23]} Rxc8 {[%clk 0:01:11]} 35. Rxc8+ {[%clk 0:01:32]} Bf8
{[%clk 0:01:19]} 36. Rf2 {[%clk 0:01:20]} Qa7 {[%clk 0:01:22]} 37. Rf1
{[%clk 0:00:52]} Qa2+ {[%clk 0:01:29]} 0-1

[Event "AsianNationCup2018-OpenRapid"]
[Site "?"]
[Date "2018.07.27"]
[Round "4.14"]
[White "Tran, Tuan Minh"]
[Black "Mohammad, Minhaz Uddin"]
[Result "1-0"]
[BlackElo "2380"]
[WhiteElo "2512"]
[LiveChessVersion "1.4.8"]

1. d4 {[%clk 0:15:15]} Nf6 {[%clk 0:15:18]} 2. c4 e6 3. Nc3 {[%clk 0:15:31]} Bb4
4. e3 O-O 5. Nge2 Re8 {[%clk 0:12:22]} 6. a3 {[%clk 0:15:56]} Bf8 7. Nf4 d5 8.
Bd3 c5 {[%clk 0:12:15]} 9. O-O {[%clk 0:16:08]} cxd4 {[%clk 0:12:07]} 10. exd4
{[%clk 0:16:17]} Nc6 {[%clk 0:12:01]} 11. Be3 {[%clk 0:16:14]} b6
{[%clk 0:10:44]} 12. Rc1 {[%clk 0:14:54]} dxc4 {[%clk 0:10:25]} 13. Bxc4
{[%clk 0:15:03]} Bb7 {[%clk 0:10:30]} 14. d5 {[%clk 0:13:22]} exd5 15. Ncxd5 Ne5
{[%clk 0:09:45]} 16. Ba2 {[%clk 0:12:41]} Nfg4 {[%clk 0:07:42]} 17. Bd4
{[%clk 0:11:23]} Ba6 {[%clk 0:07:29]} 18. Re1 {[%clk 0:10:54]} Qg5
{[%clk 0:05:00]} 19. h3 {[%clk 0:09:00]} Nh6 {[%clk 0:05:01]} 20. Qh5
{[%clk 0:06:55]} Qxh5 {[%clk 0:04:06]} 21. Nxh5 {[%clk 0:07:03]} Bd6
{[%clk 0:03:19]} 22. f4 {[%clk 0:06:16]} Nd3 {[%clk 0:03:21]} 23. Bxg7
{[%clk 0:06:20]} Bc5+ {[%clk 0:01:31]} 24. Kh2 {[%clk 0:06:19]} Re6
{[%clk 0:01:22]} 25. Rxe6 {[%clk 0:02:50]} fxe6 26. Rxc5 Nxc5 {[%clk 0:01:16]}
27. Bxh6 {[%clk 0:02:18]} Kf7 {[%clk 0:00:20]} 28. f5 {[%clk 0:02:17]} 1-0

[Event "AsianNationCup2018-OpenRapid"]
[Site "?"]
[Date "2018.07.27"]
[Round "4.15"]
[White "Islam, Kh. Aminul"]
[Black "Nguyen, Anh Khoi"]
[Result "0-1"]
[BlackElo "2122"]
[WhiteElo "2319"]
[LiveChessVersion "1.4.8"]

1. d4 {[%clk 0:15:16]} Nf6 {[%clk 0:15:19]} 2. Nf3 {[%clk 0:15:14]} g6
{[%clk 0:15:18]} 3. c4 {[%clk 0:15:21]} Bg7 {[%clk 0:15:26]} 4. Nc3
{[%clk 0:15:30]} O-O {[%clk 0:15:33]} 5. e4 {[%clk 0:15:39]} d6 {[%clk 0:15:41]}
6. Be2 {[%clk 0:15:42]} Nbd7 {[%clk 0:15:48]} 7. Bg5 {[%clk 0:15:45]} e5
{[%clk 0:15:25]} 8. d5 {[%clk 0:15:51]} h6 {[%clk 0:14:51]} 9. Bh4
{[%clk 0:15:59]} a5 {[%clk 0:14:10]} 10. Nd2 {[%clk 0:16:06]} Nc5
{[%clk 0:14:04]} 11. b3 {[%clk 0:15:31]} Bd7 {[%clk 0:13:46]} 12. a3
{[%clk 0:14:35]} Qe8 {[%clk 0:11:20]} 13. O-O {[%clk 0:14:29]} Nh7
{[%clk 0:10:42]} 14. g4 {[%clk 0:11:23]} Bf6 {[%clk 0:08:17]} 15. Bg3
{[%clk 0:10:57]} Bg5 {[%clk 0:08:01]} 16. Rb1 {[%clk 0:10:58]} f5
{[%clk 0:07:44]} 17. f3 {[%clk 0:10:20]} Be3+ {[%clk 0:07:29]} 18. Bf2
{[%clk 0:09:54]} Bxf2+ {[%clk 0:07:33]} 19. Rxf2 {[%clk 0:10:03]} fxg4
{[%clk 0:07:08]} 20. fxg4 {[%clk 0:10:02]} Rxf2 {[%clk 0:06:35]} 21. Kxf2
{[%clk 0:10:11]} Qf7+ {[%clk 0:06:00]} 22. Kg2 {[%clk 0:10:12]} Qf4
{[%clk 0:05:29]} 23. h3 {[%clk 0:05:35]} Qe3 {[%clk 0:04:20]} 24. Qc2
{[%clk 0:02:34]} Ng5 {[%clk 0:04:09]} 25. Nf3 {[%clk 0:02:40]} Nxf3
{[%clk 0:02:50]} 26. Bxf3 {[%clk 0:02:45]} Nd3 {[%clk 0:02:25]} 27. Kg3
{[%clk 0:01:39]} Rf8 {[%clk 0:01:30]} 28. Rf1 {[%clk 0:01:41]} Rxf3+
{[%clk 0:01:27]} 29. Rxf3 {[%clk 0:01:40]} Qxf3+ {[%clk 0:01:35]} 30. Kxf3
{[%clk 0:01:49]} Ne1+ {[%clk 0:01:44]} 0-1